World Country Codes - Statistics

General Stats
  • This quiz has been taken 47 times
  • The average score is 59 of 196
Answer Stats
COUNTRY CODE % Correct
Afghanistan AFG
100%
Albania ALB
97%
Andorra AND
78%
Australia AUS
76%
Armenia ARM
70%
Benin BEN
70%
Argentina ARG
68%
Austria AUT
68%
Azerbaijan AZE
65%
Belgium BEL
65%
Bolivia BOL
65%
Brazil BRA
65%
Canada CAN
62%
China CHN
57%
Cyprus CYP
54%
France FRA
54%
Ghana GHA
54%
Belize BLZ
51%
Cuba CUB
51%
United States USA
51%
Czech Republic CZE
49%
Egypt EGY
49%
Finland FIN
49%
India IND
49%
Italy ITA
49%
Brunei BRN
46%
Bhutan BTN
46%
Colombia COL
46%
Eritrea ERI
46%
Ethiopia ETH
46%
Hungary HUN
46%
Jamaica JAM
46%
Luxembourg LUX
46%
Poland POL
46%
Sweden SWE
46%
Bahrain BHR
43%
Chile CHL
43%
Djibouti DJI
43%
Dominican Republic DOM
43%
Ecuador ECU
43%
Estonia EST
43%
Kenya KEN
43%
Norway NOR
43%
Pakistan PAK
43%
Senegal SEN
43%
Belarus BLR
41%
Georgia GEO
41%
Iraq IRQ
41%
Israel ISR
41%
Jordan JOR
41%
Kazakhstan KAZ
41%
Mexico MEX
41%
Qatar QAT
41%
Comoros COM
38%
Germany DEU
38%
Fiji FJI
38%
Iran IRN
38%
Japan JPN
38%
Laos LAO
38%
Oman OMN
38%
Peru PER
38%
Russia RUS
38%
Venezuela VEN
38%
Barbados BRB
35%
Denmark DNK
35%
Gabon GAB
35%
Greece GRC
35%
Kiribati KIR
35%
Liechtenstein LIE
35%
Rwanda RWA
35%
Turkey TUR
35%
Bahamas BHS
32%
Guyana GUY
32%
Ireland IRL
32%
Mali MLI
32%
Malta MLT
32%
Namibia NAM
32%
Panama PAN
32%
Papua New Guinea PNG
32%
Syria SYR
32%
Thailand THA
32%
Uzbekistan UZB
32%
Angola AGO
30%
Federated States of Micronesia FSM
30%
Gambia GMB
30%
Libya LBY
30%
Maldives MDV
30%
Nicaragua NIC
30%
New Zealand NZL
30%
Somalia SOM
30%
Togo TGO
30%
Tunisia TUN
30%
Ukraine UKR
30%
Bulgaria BGR
27%
Cameroon CMR
27%
Cape Verde CPV
27%
Costa Rica CRI
27%
Spain ESP
27%
United Kingdom GBR
27%
Croatia HRV
27%
South Korea KOR
27%
Lebanon LBN
27%
Liberia LBR
27%
Mozambique MOZ
27%
El Salvador SLV
27%
São Tomé and Príncipe STP
27%
Tuvalu TUV
27%
Uganda UGA
27%
Yemen YEM
27%
Burundi BDI
24%
Bangladesh BGD
24%
Honduras HND
24%
Haiti HTI
24%
Kuwait KWT
24%
Madagascar MDG
24%
Nepal NPL
24%
Philippines PHL
24%
Saudi Arabia SAU
24%
Serbia SRB
24%
Tonga TON
24%
Taiwan TWN
24%
Vatican City VAT
24%
Bosnia and Herzegovina BIH
22%
Dominica DMA
22%
Grenada GRD
22%
Iceland ISL
22%
Latvia LVA
22%
Morocco MAR
22%
Malaysia MYS
22%
Nigeria NGA
22%
Singapore SGP
22%
Sierra Leone SLE
22%
Suriname SUR
22%
Eswatini SWZ
22%
Seychelles SYC
22%
Tajikistan TJK
22%
Turkmenistan TKM
22%
Tanzania TZA
22%
Zambia ZMB
22%
Algeria DZA
19%
Guinea GIN
19%
Guatemala GTM
19%
Indonesia IDN
19%
Mauritius MUS
19%
Malawi MWI
19%
Nauru NRU
19%
Sudan SDN
19%
Slovakia SVK
19%
Uruguay URY
19%
Burkina Faso BFA
16%
Central African Republic CAF
16%
Switzerland CHE
16%
Ivory Coast CIV
16%
Democratic Republic of the Congo COD
16%
Kyrgyzstan KGZ
16%
Monaco MCO
16%
Mongolia MNG
16%
Paraguay PRY
16%
Slovenia SVN
16%
Guinea-Bissau GNB
14%
Saint Lucia LCA
14%
Lesotho LSO
14%
Portugal PRT
14%
South Sudan SSD
14%
Trinidad and Tobago TTO
14%
Zimbabwe ZWE
14%
United Arab Emirates ARE
11%
Botswana BWA
11%
Sri Lanka LKA
11%
Moldova MDA
11%
Myanmar MMR
11%
Mauritania MRT
11%
San Marino SMR
11%
Chad TCD
11%
Vietnam VNM
11%
South Africa ZAF
11%
Antigua and Barbuda ATG
8%
Republic of the Congo COG
8%
Equatorial Guinea GNQ
8%
Cambodia KHM
8%
Lithuania LTU
8%
North Macedonia MKD
8%
Niger NER
8%
Palau PLW
8%
North Korea PRK
8%
East Timor TLS
8%
Montenegro MNE
5%
Netherlands NLD
5%
Romania ROU
5%
Vanuatu VUT
5%
Samoa WSM
5%
Saint Kitts and Nevis KNA
3%
Marshall Islands MHL
3%
Solomon Islands SLB
3%
Saint Vincent and the Grenadines VCT
3%
Kosovo XXK
3%
No matching quizzes found
Score Distribution
Percent of People with Each Score
Percentile by Number Answered
Your Score History
You have not taken this quiz